[Event "ICS rated blitz match"]
[Site "207.99.83.227"]
[Date "1999.04.07"]
[Round "?"]
[White "Hossa"]
[Black "guchess"]
[Result "1-0"]
[WhiteElo "2565"]
[BlackElo "2190"]
[PlyCount "55"]

1. e4 c5 2. Bc4 e6 3. Nc3 Nc6 4. Nf3 Nf6 5. O-O Be7 6. d4 cxd4 7. Nxd4 a6 8.
Bf4 b5 9. Nxc6 dxc6 10. Qxd8+ Bxd8 11. Bd3 O-O 12. Bd6 Re8 13. e5 Nd5 14. Ne4
Bb6 15. Rad1 Bb7 16. Ng5 h6 17. Ne4 Rac8 18. Bc5 Bc7 19. Nd6 Bxd6 20. exd6 Red8
21. Rde1 Nf6 22. Be4 Ne8 23. Rd1 Rd7 24. b4 Rcd8 25. Rd2 Nxd6 26. Rfd1 Nxe4 27.
Rxd7 Rxd7 28. Rxd7 {guchess resigns} 1-0

[Event "ICS rated blitz match"]
[Site "207.99.83.227"]
[Date "1999.04.07"]
[Round "?"]
[White "guchess"]
[Black "Hossa"]
[Result "0-1"]
[WhiteElo "2187"]
[BlackElo "2568"]
[PlyCount "35"]

1. d4 Nf6 2. c4 g6 3. Nc3 Bg7 4. e4 d6 5. f3 O-O 6. Bg5 Nc6 7. d5 Ne5 8. Qd2
Bd7 9. h4 Nh5 10. Nge2 f6 11. Bh6 Nxc4 12. Qc1 Bxh6 13. Qxh6 Nxb2 14. g4 Ng7
15. h5 g5 16. Rg1 Nd3+ 17. Kd2 Ne5 18. Bg2 {guchess resigns} 0-1

[Event "ICS rated blitz match"]
[Site "207.99.83.227"]
[Date "1999.04.07"]
[Round "?"]
[White "Hossa"]
[Black "guchess"]
[Result "1-0"]
[WhiteElo "2571"]
[BlackElo "2184"]
[PlyCount "99"]

1. e4 c5 2. Bc4 e6 3. Nc3 Ne7 4. Nf3 d5 5. exd5 exd5 6. Bb5+ Nbc6 7. O-O a6 8.
Bxc6+ Nxc6 9. d4 c4 10. Bg5 f6 11. Bf4 Be7 12. b3 b5 13. bxc4 bxc4 14. Re1 O-O
15. a3 Bg4 16. Re3 Bh5 17. Ra2 Bf7 18. a4 Bd6 19. Bxd6 Qxd6 20. Rb2 Rab8 21.
Rxb8 Rxb8 22. Qd2 Re8 23. Rxe8+ Bxe8 24. Qe3 Kf8 25. Ne1 Bg6 26. f4 Ne7 27. Qf3
Qe6 28. Qe2 Qxe2 29. Nxe2 Nf5 30. Kf2 Ke7 31. g4 Nd6 32. Nc3 Ne4+ 33. Nxe4 Bxe4
34. f5 Kd6 35. Ke3 Kc7 36. h4 Kb6 37. Kf4 Ka5 38. g5 Kxa4 39. h5 Kb4 40. h6
fxg5+ 41. Ke5 gxh6 42. f6 Bg6 43. Kxd5 Bf7+ 44. Ke5 a5 45. d5 a4 46. d6 a3 47.
c3+ Kxc3 48. d7 a2 49. d8=Q a1=Q 50. Qd4+ {guchess resigns} 1-0

[Event "ICS rated blitz match"]
[Site "207.99.83.227"]
[Date "1999.04.07"]
[Round "?"]
[White "guchess"]
[Black "Hossa"]
[Result "1-0"]
[WhiteElo "2181"]
[BlackElo "2574"]
[Annotator "Crafty v16.6"]
[PlyCount "139"]

{annotating for player Hossa using a scoring margin of +0.10 pawns. search
time limit is 20.00} 1. c4 1... e5 2. Nc3 Nf6 3. g3 Bd6 ({8:-0.14} 3... Bd6 4.
Nf3 Nc6 5. Bg2 O-O 6. O-O Bc5 7. Ng5 $10) ({8:+0.10} 3... Nc6 4. Bg2 Bb4 5. Nf3
O-O 6. O-O d5 7. d4 Nxd4 8. Nxd4 Bxc3 9. bxc3 exd4 10. Qxd4 $10) 4. Bg2 O-O 5.
d3 Bb4 6. Bd2 Nc6 ({8:-0.28} 6... Nc6 7. e4 Nd4 8. Nge2 Nxe2 9. Nxe2 Bxd2+ 10.
Qxd2 d5 11. cxd5 11... Bg4 $10) ({8:-0.13} 6... Na6 7. Nf3 Qe7 8. O-O e4 9.
dxe4 Nxe4 10. Nd5 10... Qd6 $10) 7. a3 Bxc3 8. Bxc3 d5 9. cxd5 Nxd5 10. Rc1 Bg4
({8:+0.31} 10... Bg4 11. Qb3 Nxc3 12. Qxc3 Bd7 13. Nf3 e4 14. dxe4 14... Bg4
$15) ({8:+0.56} 10... Nxc3 11. Rxc3 Nd4 12. Nf3 Nxf3+ 13. Bxf3 c6 14. O-O Bh3
15. Bg2 Qd7 16. Bxh3 16... Qxh3 $15) 11. Nf3 Qe7 ({8:-0.66} 11... Qe7 12. Nxe5
Nxe5 13. Bxd5 Nf3+ 14. Bxf3 Bxf3 15. Bb4 Qe5 16. Bxf8 16... Bxh1 $14) ({8:+0.32
} 11... Nxc3 12. Rxc3 Qd7 13. O-O Rad8 14. Rb3 e4 15. Ng5 Nd4 16. Rxb7 16...
Bxe2 $15) 12. O-O Rad8 13. h3 Bd7 ({9:-0.14} 13... Bd7 14. Bd2 Qd6 15. Ng5 Nde7
16. Be3 b6 17. Qd2 17... Nd4 $10) ({9:+0.29} 13... Nxc3 14. Rxc3 Bxf3 15. Bxf3
Nd4 16. Bg2 c6 17. e3 Nb5 18. Rc4 18... Qe6 $10) 14. Nd2 Nxc3 15. Rxc3 Qg5 16.
Ne4 Qh5 17. Nc5 Bxh3 18. Nxb7 Bxg2 19. Kxg2 Rb8 20. Rxc6 Rxb7 21. b4 Rd8 22.
Qc2 Rc8 23. Rh1 Qg5 ({9:-1.02} 23... Qg5 24. d4 h6 25. Rc5 Qg4 26. Rh4 Qd7 27.
Rxe5 27... Rd8 $16) ({9:-0.73} 23... Qf5 24. Qc4 h6 25. Qd5 Rb6 26. Rxc7 Rxc7
27. Qd8+ Kh7 28. Qxc7 28... Ra6 $16) 24. d4 h6 25. Qe4 Rb5 26. Rc5 Rxc5 27.
dxc5 c6 28. Rd1 Qe7 29. Rd6 Qe8 30. f4 exf4 31. Qxe8+ Rxe8 32. Rxc6 fxg3 33. a4
Re4 34. b5 Rxa4 35. Rc8+ Kh7 36. Ra8 Ra2 37. Kxg3 Rxe2 38. Rxa7 Re3+ 39. Kf2
Rc3 40. c6 Rc2+ 41. Ke3 g5 42. Rxf7+ Kg6 43. Rf2 Rc3+ 44. Kd4 Rc1 45. Rb2 h5
46. b6 Rxc6 47. b7 Rd6+ 48. Ke5 Rd8 49. b8=Q Rxb8 50. Rxb8 Kf7 51. Kf5 Ke7 52.
Kxg5 Kd6 53. Kxh5 Ke6 54. Kg5 Kd6 55. Kf5 Kc5 56. Ke5 Kc4 57. Rb6 Kc5 58. Rd6
Kc4 59. Rd5 Kc3 60. Rd4 Kb3 61. Ke4 Kc3 62. Ke3 Kc2 63. Rd3 Kc1 64. Rd2 Kb1 65.
Kd3 Kc1 66. Kc3 Kb1 67. Rc2 Ka1 68. Kb3 Kb1 69. Rc8 Ka1 70. Rc1# 1-0

[Event "ICS rated blitz match"]
[Site "207.99.83.227"]
[Date "1999.04.07"]
[Round "?"]
[White "Hossa"]
[Black "bot"]
[Result "0-1"]
[WhiteElo "2545"]
[BlackElo "2886"]
[Annotator "Crafty v16.6"]
[PlyCount "141"]

{annotating for player Hossa using a scoring margin of +0.10 pawns. search
time limit is 20.00} 1. e4 1... e5 2. Nf3 Nc6 3. Bc4 Bc5 4. c3 Nf6 5. d4 exd4
6. e5 Ne4 7. Qe2 d5 8. exd6 O-O 9. dxc7 Qd7 10. O-O Nd6 11. Qd3 dxc3 12. Ng5 g6
13. Nxc3 Nb4 14. Qe2 Qc6 15. Bb3 Bf5 16. Qf3 ({7:+0.41} 16. Qf3 16... Qxf3 17.
Nxf3 Rfc8 18. Na4 Rxc7 19. Nxc5 Rxc5 20. Bh6 $14) ({7:+0.60} 16. Rd1 16... Rae8
17. Qf3 Qxc7 18. Bf4 Qe7 19. Nd5 $14) 16... Qxf3 17. Nxf3 Rfc8 18. Be3 ({
8:+0.10} 18. Be3 18... Bxe3 19. fxe3 Rxc7 20. Rad1 Bd3 21. Nd5 Nxd5 22. Rxd3
$10) ({8:+0.88} 18. Bf4 18... Nd3 19. Bxd6 Bxd6 20. Bd5 Rxc7 21. Nb5 Rd7 22.
Nxd6 Rxd6 23. Bxb7 $16) 18... Bxe3 19. fxe3 Rxc7 20. Rad1 Nc4 21. Nb5 Rc5 22.
Bxc4 Rxc4 23. Nd6 Rc7 24. Nxf5 gxf5 25. a3 ({10:+0.38} 25. a3 25... Nc2 26. Rd3
Re7 27. Nh4 Nxe3 28. Nxf5 Nxf5 29. Rxf5 Re1+ 30. Kf2 30... Rae8 $14) ({10:+0.61
} 25. Nd4 25... Nxa2 26. Rxf5 Rc1 27. Rdf1 Rxf1+ 28. Kxf1 Nc1 29. Rb5 Rb8 30.
Rg5+ Kf8 31. Kf2 $14) 25... Nc2 26. Rd3 Re7 27. Nh4 Nxe3 28. Nxf5 Nxf5 29. Rxf5
Rae8 30. b4 Kg7 31. Rd1 b6 32. b5 Re1+ 33. Rxe1 Rxe1+ 34. Kf2 Rb1 35. h4 Rb2+
36. Kg1 h6 37. g4 Rb3 38. g5 h5 39. Kf2 Rxa3 40. Rf6 Ra5 41. Rf5 a6 42. Rf6
Rxb5 43. Ke3 a5 44. Rf4 Rb3+ 45. Kd2 b5 46. Kc2 a4 47. Re4 Rf3 48. Rb4 Rf5 49.
Kb2 f6 50. gxf6+ Kxf6 51. Ka3 Ke6 52. Rb1 Kd6 53. Kb4 Rf3 54. Rd1+ Kc6 55. Ka5
Rb3 56. Rc1+ Kd5 57. Rd1+ Ke4 58. Ra1 a3 59. Kb6 b4 60. Ra2 Rb2 61. Ra1 a2 62.
Kc5 b3 63. Re1+ Kd3 64. Rd1+ Kc3 65. Kb6 Rd2 66. Rc1+ Kd4 67. Rc8 a1=Q 68. Rd8+
Kc3 69. Rc8+ Kb4 70. Rb8 Rc2 71. Kb7 0-1

[Event "ICS rated blitz match"]
[Site "207.99.83.227"]
[Date "1999.04.07"]
[Round "?"]
[White "Hossa"]
[Black "chancho"]
[Result "1-0"]
[WhiteElo "2541"]
[BlackElo "2198"]
[PlyCount "101"]

1. e4 e6 2. Nf3 d5 3. exd5 exd5 4. Bb5+ c6 5. Be2 Bd6 6. O-O Nf6 7. d4 O-O 8.
Bg5 Bg4 9. Nbd2 Nbd7 10. Re1 h6 11. Bxf6 Qxf6 12. Ne5 Nxe5 13. Bxg4 Nxg4 14.
Qxg4 Rfe8 15. Rad1 g6 16. Nf3 Kg7 17. Qd7 Rxe1+ 18. Rxe1 Rb8 19. Ne5 Bxe5 20.
dxe5 Qd8 21. Qd6 Qxd6 22. exd6 Rd8 23. Re7 b6 24. Rxa7 Rxd6 25. f3 c5 26. Rc7
Kf6 27. Kf2 d4 28. a3 Ke6 29. b4 cxb4 30. axb4 f5 31. b5 Kd5 32. g4 fxg4 33.
fxg4 Rf6+ 34. Ke2 Re6+ 35. Kd2 Rf6 36. Ke1 Re6+ 37. Kd1 Rf6 38. h3 h5 39. g5
Rf5 40. h4 Rf4 41. Rc6 Rg4 42. Rxb6 Rxh4 43. Rxg6 Kc5 44. b6 Re4 45. b7 Re8 46.
Rh6 Rb8 47. Rh7 h4 48. g6 h3 49. g7 h2 50. Rxh2 Kb6 51. Rh8 {chancho resigns}
1-0

[Event "ICS rated blitz match"]
[Site "207.99.83.227"]
[Date "1999.04.07"]
[Round "?"]
[White "chancho"]
[Black "Hossa"]
[Result "0-1"]
[WhiteElo "2194"]
[BlackElo "2545"]
[PlyCount "53"]

1. d4 Nf6 2. Bg5 d5 3. e3 Bf5 4. c4 Ne4 5. Bf4 e6 6. Nc3 Bb4 7. Qb3 Qh4 8. g3
Qe7 9. Nge2 g5 10. Be5 f6 11. g4 Bxg4 12. Bg3 Bf3 13. Rg1 Nc6 14. Bg2 Bxe2 15.
Kxe2 Nxg3+ 16. hxg3 O-O-O 17. cxd5 exd5 18. Rgd1 Bxc3 19. bxc3 Qe6 20. Rab1 b6
21. Qb5 Nb8 22. a4 h5 23. a5 a6 24. Qb4 Nc6 25. Qa4 Nxa5 26. Rb4 Qc6 27. Qxc6 {
chancho resigns} 0-1

[Event "ICS rated blitz match"]
[Site "207.99.83.227"]
[Date "1999.04.07"]
[Round "?"]
[White "Hossa"]
[Black "chancho"]
[Result "1-0"]
[WhiteElo "2549"]
[BlackElo "2190"]
[PlyCount "49"]

1. e4 e6 2. Nf3 d5 3. exd5 exd5 4. d4 c6 5. Bd3 Bd6 6. O-O Bg4 7. Re1+ Ne7 8.
Bg5 f6 9. Be3 Qc7 10. h3 Bh5 11. c3 Nd7 12. Nbd2 O-O-O 13. Qa4 Kb8 14. Rac1 g5
15. Qc2 g4 16. hxg4 Bxg4 17. Bh6 f5 18. Bg5 Rde8 19. Bxe7 Rxe7 20. Rxe7 Bxe7
21. Bxf5 Rg8 22. Bxg4 Rxg4 23. Qxh7 Nf6 24. Qh2 Bd6 25. Qh8+ {chancho resigns}
1-0

[Event "ICS rated blitz match"]
[Site "207.99.83.227"]
[Date "1999.04.07"]
[Round "?"]
[White "chancho"]
[Black "Hossa"]
[Result "1/2-1/2"]
[WhiteElo "2186"]
[BlackElo "2553"]
[PlyCount "115"]

1. d4 Nf6 2. Bg5 d5 3. e3 Bf5 4. Bd3 Bxd3 5. Qxd3 Nc6 6. Bxf6 exf6 7. Nf3 Bb4+
8. c3 Be7 9. O-O O-O 10. c4 Nb4 11. Qb3 dxc4 12. Qxc4 Qd7 13. a3 Nd5 14. Nc3
Nb6 15. Qd3 Rae8 16. b4 Rd8 17. Rac1 c6 18. Ne4 Nd5 19. Nc5 Bxc5 20. bxc5 Qg4
21. Rb1 Rd7 22. Rb2 Re8 23. Rfb1 Ree7 24. Qa6 Nf4 25. exf4 Qxf4 26. Qxa7 Re8
27. h3 Qb8 28. Qxb8 Rxb8 29. a4 Kf8 30. a5 Ra8 31. Rxb7 Rxb7 32. Rxb7 Rxa5 33.
Rb6 Ke8 34. Rxc6 Kd8 35. Rb6 Kc7 36. Rb1 Kc6 37. Rd1 Ra2 38. d5+ Kxc5 39. d6
Ra8 40. d7 Rd8 41. Kf1 Kb6 42. Ke2 Kc7 43. Ke3 h5 44. Kf4 g6 45. g4 hxg4 46.
hxg4 Rxd7 47. Rxd7+ Kxd7 48. g5 Ke7 49. gxf6+ Kxf6 50. Ng5 Ke7 51. Ne4 f6 52.
Ng3 Kd6 53. Ke4 Ke6 54. f4 f5+ 55. Kd4 Kf6 56. Kd5 g5 57. fxg5+ Kxg5 58. Nxf5 {
Game drawn because neither player has mating material} 1/2-1/2

[Event "ICS rated blitz match"]
[Site "207.99.83.227"]
[Date "1999.04.07"]
[Round "?"]
[White "Hossa"]
[Black "chancho"]
[Result "1-0"]
[WhiteElo "2548"]
[BlackElo "2189"]
[PlyCount "191"]

1. e4 e6 2. Nf3 d5 3. exd5 exd5 4. d4 Bd6 5. Bb5+ c6 6. Bd3 Nf6 7. Bg5 O-O 8.
Bxf6 Qxf6 9. O-O Bg4 10. Nbd2 Nd7 11. c3 Rfe8 12. Qb3 Rab8 13. Rae1 b6 14. Qa4
a5 15. Kh1 Bc7 16. Qc2 Qh6 17. Kg1 Nf6 18. Ne5 Be6 19. Ndf3 Ng4 20. a3 f6 21.
Nxc6 Nxh2 22. Bxh7+ Kh8 23. Nfe5 fxe5 24. Qg6 Qxh7 25. Qxh7+ Kxh7 26. Kxh2 e4+
27. Kg1 Rbc8 28. Na7 Ra8 29. Nb5 Bf4 30. c4 Kg6 31. cxd5 Bxd5 32. b3 Rh8 33.
Re2 Rh5 34. g3 e3 35. fxe3 Bxg3 36. e4 Bc6 37. Rg2 Bxb5 38. Rxg3+ Rg5 39. Rxg5+
Kxg5 40. Rf5+ Kg4 41. Rxb5 g5 42. Rxb6 Kf4 43. Re6 g4 44. d5 Rb8 45. d6 Rxb3
46. d7 Rd3 47. Re7 Kg3 48. Kf1 Kf3 49. Ke1 g3 50. e5 g2 51. Rf7+ Ke3 52. Rg7
Rxd7 53. Rxg2 Re7 54. e6 Kd4 55. Rg4+ Kd5 56. Rg5+ Kxe6 57. Rxa5 Kd6+ 58. Kd2
Kc6 59. a4 Kb6 60. Rb5+ Ka6 61. Rb4 Rc7 62. Rd4 Ka5 63. Rh4 Ka6 64. Rh8 Ka7 65.
Rh5 Rc6 66. a5 Ka6 67. Kd3 Ka7 68. Kd4 Ka6 69. Kd5 Rf6 70. Kc4 Re6 71. Kb3 Rf6
72. Rg5 Re6 73. Rf5 Rg6 74. Kb4 Rg4+ 75. Ka3 Rg6 76. Rd5 Re6 77. Rc5 Re4 78.
Rf5 Rd4 79. Re5 Rg4 80. Rd5 Rf4 81. Rc5 Re4 82. Rf5 Rd4 83. Kb3 Re4 84. Rd5 Rh4
85. Re5 Rg4 86. Rc5 Rh4 87. Rd5 Rg4 88. Re5 Rh4 89. Kc3 Rg4 90. Rf5 Rh4 91. Kb3
Rg4 92. Rh5 Rh4 93. Rxh4 Kxa5 94. Rb4 Ka6 95. Ka4 Ka7 96. Ka5 {chancho resigns}
1-0

[Event "ICS rated blitz match"]
[Site "207.99.83.227"]
[Date "1999.04.07"]
[Round "?"]
[White "iccjunkie"]
[Black "Hossa"]
[Result "0-1"]
[WhiteElo "2358"]
[BlackElo "2552"]
[PlyCount "64"]

1. d4 Nf6 2. Nf3 e6 3. c4 Be7 4. Nc3 O-O 5. e4 d5 6. e5 Ne4 7. Bd3 Nxc3 8. bxc3
dxc4 9. Bxc4 c5 10. O-O cxd4 11. cxd4 Bd7 12. Be3 Bc6 13. Bd3 Bd5 14. Nd2 Nc6
15. Qh5 g6 16. Qh6 Nxd4 17. Bxd4 Bg5 18. Qh3 Bxd2 19. Rad1 Qa5 20. Bb1 Bc4 21.
Rxd2 Qxd2 22. Be3 Qd5 23. Rc1 Bxa2 24. Bxa2 Qxa2 25. Bg5 Rac8 26. Rf1 h5 27. g4
Qe2 28. gxh5 Qxe5 29. Bh6 Rfd8 30. hxg6 fxg6 31. Qg2 Qh5 32. Be3 32... b6 {
iccjunkie resigns} 0-1

[Event "ICS rated blitz match"]
[Site "207.99.83.227"]
[Date "1999.04.07"]
[Round "?"]
[White "Hossa"]
[Black "chancho"]
[Result "1-0"]
[WhiteElo "2560"]
[BlackElo "2213"]
[PlyCount "79"]

1. e4 e6 2. Nf3 d5 3. exd5 exd5 4. Bb5+ c6 5. Be2 Bd6 6. O-O Nf6 7. d4 O-O 8.
Bg5 h6 9. Bxf6 Qxf6 10. Nbd2 Bf5 11. c4 dxc4 12. Nxc4 Bc7 13. Qb3 b6 14. Nce5
Nd7 15. Nxd7 Bxd7 16. Rae1 Bg4 17. Bd1 Qd6 18. Ne5 Be6 19. Qa4 f6 20. Nf3 Bg4
21. Qb3+ Kh8 22. Qa3 Qf4 23. Qe3 Qd6 24. Qe7 Rfe8 25. Qxe8+ Rxe8 26. Rxe8+ Kh7
27. Rfe1 Bf5 28. Bb3 c5 29. Bg8+ Kg6 30. dxc5 bxc5 31. Be6 Bxe6 32. R8xe6 Qf4
33. R6e4 Qd6 34. b3 Qa6 35. Re7 Bb6 36. Nh4+ Kg5 37. Rxg7+ Kxh4 38. Re4+ Kh5
39. g3 Qd3 40. Rh4# {chancho checkmated} 1-0

[Event "ICS rated blitz match"]
[Site "207.99.83.227"]
[Date "1999.04.07"]
[Round "?"]
[White "chapo"]
[Black "Hossa"]
[Result "0-1"]
[WhiteElo "2194"]
[BlackElo "2564"]
[PlyCount "56"]

1. e4 c5 2. Nf3 Nc6 3. Bb5 a6 4. Bxc6 dxc6 5. O-O Bg4 6. h3 Bxf3 7. Qxf3 e6 8.
c3 Bd6 9. d4 cxd4 10. cxd4 Ne7 11. Nc3 O-O 12. Bf4 Bxf4 13. Qxf4 Qxd4 14. Rad1
Qb6 15. Rd7 Rae8 16. Qc7 Qxb2 17. Na4 Qxa2 18. Nc5 Ng6 19. Nxb7 Rc8 20. Qd6 Qb2
21. Nc5 a5 22. Rc7 Rxc7 23. Qxc7 Qb5 24. Nd7 Re8 25. Ra1 Qc4 26. f3 Qd4+ 27.
Kh2 Qxa1 28. Qxc6 28... Kh8 {chapo resigns} 0-1

[Event "ICS rated blitz match"]
[Site "207.99.83.227"]
[Date "1999.04.07"]
[Round "?"]
[White "Hossa"]
[Black "Data"]
[Result "0-1"]
[WhiteElo "2567"]
[BlackElo "2782"]
[Annotator "Crafty v16.6"]
[PlyCount "214"]

{annotating for player Hossa using a scoring margin of +0.10 pawns. search
time limit is 20.00} 1. e4 1... c5 2. Bc4 e6 3. Nc3 Nc6 4. Nf3 Be7 5. O-O Nf6
6. e5 Ng4 7. Re1 d5 8. exd6 Bxd6 9. Bb5 ({8:+0.18} 9. Bb5 9... Qc7 10. h3 Nf6
11. Bc4 O-O 12. Nb5 Qd7 13. Nxd6 13... Qxd6 $10) ({8:+0.33} 9. Ne4 9... O-O 10.
Bb5 Qc7 11. Nxd6 Qxd6 12. Re4 Nf6 13. Re3 $14) 9... Qc7 10. Bxc6+ Qxc6 11. d3 (
{9:-0.05} 11. d3 11... O-O 12. Ne4 Bc7 13. Bg5 f6 14. h3 Ne5 15. Bf4 $10) ({
9:+0.15} 11. Re4 11... Nf6 12. Ne5 Bxe5 13. Rxe5 O-O 14. d4 Nd7 15. Rg5 15...
Re8 $10) 11... O-O 12. Ne4 Be7 13. h3 Nf6 14. Bg5 Nxe4 15. Bxe7 Re8 16. dxe4
Rxe7 17. Qd8+ Qe8 18. Qxe8+ Rxe8 19. Ne5 ({10:+0.13} 19. Ne5 19... Kf8 20. Rad1
Ke7 21. Kf1 f6 22. Nc4 e5 23. Ke2 23... Be6 $10) ({10:+0.30} 19. Rad1 19... Kf8
20. Rd6 b5 21. Kf1 Bb7 22. Ng5 h6 23. Rd7 hxg5 24. Rxb7 $10) 19... Kf8 20. Rad1
Ke7 21. Nc4 b6 22. h4 ({9:+0.00} 22. h4 22... Ba6 23. Nd6 Red8 24. e5 f6 25.
exf6+ gxf6 26. Nf5+ Kf7 27. Nh6+ Kg6 28. Ng4 $10) ({9:+0.19} 22. e5 22... Rd8
23. Nd6 Rd7 24. Re4 Ba6 25. Kh2 Rad8 26. Kg3 $10) 22... Bd7 23. Nd6 Red8 24. e5
f6 25. f4 fxe5 26. fxe5 Rf8 27. c4 Ba4 28. b3 Be8 29. Rf1 Bh5 30. Rd2 Rxf1+ 31.
Kxf1 Rf8+ 32. Rf2 Rxf2+ 33. Kxf2 Kd7 34. Ke3 a5 35. Kd2 h6 36. a4 Bg4 37. Kc3
Be2 38. Nb5 Kc6 39. Kd2 Bg4 40. Kc1 Kb7 41. Nd6+ Kc6 42. Kb2 Be2 43. Kc2 Kd7
44. Kb1 Bd3+ 45. Kb2 Be2 46. Ne4 Bf1 47. g3 Kc6 48. g4 Bd3 49. Nd6 Be2 50. g5
hxg5 51. hxg5 Kd7 52. Kc2 Bh5 53. Kc1 Bg4 54. Kd2 Bh5 55. Kc2 Bf3 56. Kb1 Bd1
57. Ka2 Bf3 58. Ka3 Bd1 59. Nb5 Bc2 60. Kb2 Bd3 61. Kc1 Be2 62. Kd2 Bf3 63. Kd3
Bd1 64. Kc3 Bf3 65. Kb2 Bd1 66. Ka2 Be2 67. Kb1 Ke7 68. Nd6 Bg4 69. Kc2 Bf3 70.
Kd2 Kd7 71. Nb5 Ke7 72. Kd3 Kf7 73. Nc7 Bd1 74. Na8 Ke7 75. b4 cxb4 76. Nxb6
Kd8 77. c5 Bb3 78. Ke4 Kc7 79. Ke3 Kc6 80. Kd4 Ba2 81. g6 Bb3 82. Nc4 Bxc4 83.
Kxc4 b3 84. Kxb3 Kxc5 85. Kc3 Kd5 86. Kd3 Kxe5 87. Ke3 Kf6 88. Kf4 e5+ 89. Ke4
Ke6 90. Kd3 e4+ 91. Kxe4 Kf6 92. Kf4 Kxg6 93. Ke5 Kg5 94. Ke4 Kg4 95. Ke3 g5
96. Ke4 Kg3 97. Ke3 g4 98. Kd4 Kf3 99. Kd3 g3 100. Kc3 g2 101. Kc4 g1=Q 102.
Kb5 Qd4 103. Kc6 Ke4 104. Kb7 Kd5 105. Kc7 Qa7+ 106. Kc8 Kc6 107. Kd8 Qd7# 0-1

[Event "ICS rated blitz match"]
[Site "207.99.83.227"]
[Date "1999.04.07"]
[Round "?"]
[White "nimraz"]
[Black "Hossa"]
[Result "1-0"]
[WhiteElo "2185"]
[BlackElo "2560"]
[Annotator "Crafty v16.6"]
[PlyCount "141"]

{annotating for player Hossa using a scoring margin of +0.10 pawns. search
time limit is 20.00} 1. g3 1... e5 2. b3 d5 3. Bg2 Nc6 4. Bb2 Bf5 ({9:-0.12} 
4... Bf5 5. Nf3 Qf6 6. c4 dxc4 7. bxc4 Bc5 8. O-O Nge7 9. Nc3 $10) ({9:+0.08} 
4... Nf6 5. Nf3 Bd6 6. O-O O-O 7. Nc3 Bg4 8. Nb5 Ne4 9. Nxd6 9... Qxd6 $10) 5.
d3 Nf6 6. Nd2 Bc5 7. a3 O-O ({9:+0.39} 7... O-O 8. Ngf3 Qd6 9. O-O Rfe8 10. c4
Rad8 11. b4 11... Bb6 $15) ({9:+1.09} 7... Ng4 8. e3 Bxe3 9. fxe3 Nxe3 10. Qf3
Nxc2+ 11. Kf2 Nxa1 12. Qxf5 $17) 8. Ngf3 Bd4 ({8:-0.23} 8... Bd4 9. Nxd4 Nxd4
10. e3 Nc6 11. O-O Bg4 12. f3 12... Bf5 $10) ({8:+0.18} 8... a5 9. O-O Qe7 10.
c4 dxc4 11. Nxc4 Nd7 12. Nh4 12... Bg4 $10) 9. Nxd4 Nxd4 10. e3 Nc6 11. h3 Be6
12. O-O Qe7 ({8:-0.29} 12... Qe7 13. Nf3 Bf5 14. Qe2 Rad8 15. Ng5 Qd6 16. Rae1
$10) ({8:+0.01} 12... Qd7 13. g4 Qd6 14. g5 Nd7 15. Qh5 Nc5 16. Rae1 $10) 13.
Kh2 Qc5 ({7:-0.15} 13... Qc5 14. Nf3 Qd6 15. Kg1 Rad8 16. Ng5 16... Bf5 $10) ({
7:+0.06} 13... Rfe8 14. b4 a6 15. Nf3 e4 16. Ne5 Nxe5 17. Bxe5 exd3 18. Qxd3
$10) 14. c4 Bf5 ({7:-1.97} 14... Bf5 15. cxd5 Bxd3 16. Rc1 Qa5 17. dxc6 Bxf1
18. Bxf1 18... bxc6 $18) ({7:+0.07} 14... dxc4 15. Nxc4 Bxc4 16. bxc4 Rad8 17.
Kg1 Qd6 18. Qe2 18... Rfe8 $10) 15. b4 Qe7 16. cxd5 Bxd3 ({9:-2.54} 16... Bxd3
17. dxc6 Bxf1 18. Qxf1 bxc6 19. Bxc6 Rad8 20. Nc4 e4 21. Bxf6 21... gxf6 $18) (
{9:-1.89} 16... Nd8 17. Nf3 Nd7 18. Nh4 Qf6 19. f4 g6 20. Nxf5 gxf5 21. fxe5
21... Nxe5 $18) 17. dxc6 Bxf1 18. Qxf1 b6 ({9:-2.77} 18... b6 19. Nc4 e4 20.
Rd1 Rad8 21. Nd2 Rd5 22. Bxf6 Qxf6 23. Bxe4 $18) ({9:-2.35} 18... bxc6 19. Bxc6
Qd6 20. Qc1 Rad8 21. Nf3 Nd7 22. Bxd7 Qxd7 23. Bxe5 23... Qd5 $18) 19. Nc4 e4
20. Bd4 Qe6 21. b5 Nd5 ({9:-2.81} 21... Nd5 22. Nd2 f5 23. Kg1 Rad8 24. Qc4 Qd6
25. Nb3 25... a5 $18) ({9:-2.32} 21... a6 22. a4 Rfd8 23. Rd1 axb5 24. axb5 Qf5
25. Nd2 Ra2 26. Bxf6 Rdxd2 27. Rxd2 27... Rxd2 $18) 22. Qc1 a6 23. a4 axb5 ({
8:-2.45} 23... axb5 24. axb5 Nb4 25. Rxa8 Rxa8 26. Qc3 Na2 27. Qc2 Nb4 28. Qe2
$18) ({8:-1.92} 23... Nb4 24. Nd2 f5 25. Rb1 Nd3 26. Qf1 Rfd8 27. bxa6 27...
Rxa6 $18) 24. axb5 Rad8 25. Qb2 Qg6 ({9:-3.22} 25... Qg6 26. Ne5 Qh6 27. Bxe4
Rfe8 28. Qb3 Qe6 29. Qd3 29... Rd6 $18) ({9:-2.84} 25... Ne7 26. Nd2 Nf5 27.
Bc3 Rd3 28. Nxe4 Rfd8 29. Kg1 29... Qd5 $18) 26. Ra7 f5 ({9:-4.45} 26... f5 27.
Nxb6 Nxb6 28. Rxc7 Rxd4 29. Qxd4 Rb8 30. Kg1 30... Qe6 $18) ({9:-2.99} 26...
Ra8 27. Rxa8 Rxa8 28. Qc2 f5 29. Ne5 Qd6 30. Kg1 Re8 31. Nd7 $18) 27. Ne5 Qh6 (
{10:-3.81} 27... Qh6 28. Bf1 Qd6 29. Nd7 Rf7 30. Be5 Qe6 31. Bxc7 Nxc7 32. Rxc7
32... Qd5 $18) ({10:-3.55} 27... Qe6 28. Nd7 Rf7 29. Be5 Rc8 30. Qd4 Re7 31.
Kh1 Rd8 32. Kg1 $18) 28. Nd7 Rfe8 ({9:-4.40} 28... Rfe8 29. Be5 Ra8 30. Rxa8
Rxa8 31. Qd4 Qe6 32. Bxg7 Ra5 33. Bf1 $18) ({9:-3.58} 28... Rf7 29. Be5 Rfxd7
30. cxd7 Rxd7 31. Bf1 Qg5 32. Bc4 Qe7 33. Bxd5+ Rxd5 34. Bxc7 $18) 29. Nxb6
cxb6 30. Rxg7+ Kf8 31. Bf1 Re7 32. Rxe7 Kxe7 33. Be5 Kf7 34. Bc4 Ke8 35. Qa3
Nf6 36. c7 Rc8 37. Kg2 Nh5 38. Qa6 Kd7 39. Qb7 Qg6 40. Qd5+ Ke8 41. Qb7 Kd7 42.
Qd5+ Ke8 43. Qe6+ Qxe6 44. Bxe6 Rxc7 45. Bxc7 Ng7 46. Bc8 Kf7 47. g4 Ne8 48.
Be5 fxg4 49. hxg4 Nf6 50. Bxf6 Kxf6 51. Kg3 Ke5 52. g5 Kd6 53. Kf4 Kc5 54. Bd7
Kb4 55. Kxe4 Kc5 56. Ke5 Kb4 57. f4 Kc4 58. f5 Kd3 59. f6 Kxe3 60. f7 Kd3 61.
f8=Q Ke2 62. Qf4 Kd3 63. Bf5+ Kc3 64. Qe3+ Kc4 65. Be6+ Kxb5 66. Kd5 Ka5 67.
Bd7 b5 68. Kc5 b4 69. Bb5 h6 70. Qb3 hxg5 71. Qxb4# 1-0

[Event "ICS rated blitz match"]
[Site "207.99.83.227"]
[Date "1999.04.07"]
[Round "?"]
[White "Hossa"]
[Black "DrViagra"]
[Result "1-0"]
[WhiteElo "2531"]
[BlackElo "2173"]
[PlyCount "29"]

1. e4 e5 2. Nf3 f5 3. exf5 e4 4. Nd4 Nf6 5. Be2 Bc5 6. Nb3 Bb6 7. a4 a5 8. Bh5+
Kf8 9. O-O d5 10. Bg4 Nc6 11. Bh3 Ne5 12. Re1 Qd6 13. d3 g6 14. Bf4 Bxf5 15. d4
{DrViagra resigns} 1-0

[Event "ICS Rated blitz match"]
[Site "207.99.83.227"]
[Date "1999.04.07"]
[Round "?"]
[White "nimraz"]
[Black "Hossa"]
[Result "0-1"]
[WhiteElo "2246"]
[BlackElo "2535"]
[PlyCount "66"]

1. b3 d5 2. Bb2 Bg4 3. g3 Nc6 4. Nf3 e6 5. Bg2 Qd7 6. h3 Bxf3 7. Bxf3 O-O-O 8.
d4 Nf6 9. O-O h5 10. h4 Be7 11. Nd2 g5 12. hxg5 Ng4 13. c4 Bxg5 14. Qc2 Bxd2
15. Qxd2 dxc4 16. Rfd1 cxb3 17. axb3 a6 18. Qf4 Nb8 19. d5 Rhg8 20. Rdc1 Rde8
21. dxe6 Rxe6 22. Rc5 Rb6 23. Rac1 c6 24. b4 Rb5 25. Rxb5 axb5 26. Bd4 Qe6 27.
e3 h4 28. Ra1 h3 29. Ra8 h2+ 30. Kg2 h1=Q+ 31. Kxh1 Qh6+ 32. Kg1 Qh2+ 33. Kf1
33... Qxf2# {nimraz checkmated} 0-1

[Event "ICS rated blitz match"]
[Site "207.99.83.227"]
[Date "1999.04.07"]
[Round "?"]
[White "nimraz"]
[Black "Hossa"]
[Result "0-1"]
[WhiteElo "2252"]
[BlackElo "2540"]
[PlyCount "68"]

1. b3 d5 2. Bb2 Bg4 3. g3 Nc6 4. Bg2 e5 5. h3 Bf5 6. d3 Nf6 7. Nd2 Bb4 8. a3
Bxd2+ 9. Qxd2 O-O 10. Nf3 e4 11. Nh4 Be6 12. O-O-O exd3 13. exd3 Rc8 14. Rhe1
Nd7 15. Kb1 Re8 16. Re2 a5 17. Rde1 Rf8 18. Rxe6 fxe6 19. Rxe6 Nc5 20. Rxc6
bxc6 21. Qc3 Qe7 22. f4 Rfe8 23. Nf3 a4 24. b4 Nd7 25. Qxc6 Nb6 26. Ne5 Qd6 27.
Qc3 Re6 28. Qd4 c5 29. bxc5 Qxc5 30. Qb4 Qxc2+ 31. Ka1 Qxg2 32. f5 Rxe5 33. Ka2
Rc2 34. Qxb6 34... Rxb2+ {nimraz resigns} 0-1